| 000 | 00726nam a22002057a 4500 | ||
|---|---|---|---|
| 003 | OSt | ||
| 005 | 20260109055425.0 | ||
| 008 | 260109b |||||||| |||| 00| 0 eng d | ||
| 020 | _a981-265-964-1. | ||
| 040 |
_aDWCL-Main lib _cOC |
||
| 082 |
_2Thomasian Asian edition _aCirc. 515 N425 2006 |
||
| 100 | _aKirkPatrick, Chris Et. Al. | ||
| 245 |
_aNelson advanced functions & introductory calculus / Chris Kirkpatrick (and five others) _cKirkPatrick, Chris Et. Al. |
||
| 260 |
_aSingapore : _bThomson Learning Asia, _cc2006. |
||
| 300 |
_aXXII, 676 pages : _billustration ; _c25 cm. |
||
| 504 | _aIncludes appendix. | ||
| 650 | _21. Calculus. | ||
| 650 | _22. Function. | ||
| 942 |
_2ddc _cBK-CIRC _eThomasian Asian ed. _kCirc. _n0 |
||
| 999 |
_c7228 _d7228 |
||